Geophysical fluid dynamics

Αποθηκεύτηκε σε:
Λεπτομέρειες βιβλιογραφικής εγγραφής
Κύριος συγγραφέας: Pedlosky, Joseph (Συγγραφέας)
Μορφή: Βιβλίο
Γλώσσα:Αγγλικά
Έκδοση: Nueva York Springer 1987
Έκδοση:2a. ed
Θέματα:
Ετικέτες: Προσθήκη ετικέτας
Δεν υπάρχουν, Καταχωρήστε ετικέτα πρώτοι!

MARC

LEADER 00000nam a2200000 a 4500
001 UCO4680
003 CL-VaPUC
008 000811e19870000US |||||||||||||||||eng|d
082 0 4 |a 551.47  |b PED  |2 21 
100 0 |a Pedlosky, Joseph  |e author  |9 449320 
245 1 0 |a Geophysical fluid dynamics 
250 |a 2a. ed 
300 |a 710 p 
942 |c BK 
945 |d 20000811 00:00:00  |a vberengu 
260 |a Nueva York  |b Springer  |c 1987 
650 0 |a Corrientes marinas  |9 261372 
650 7 |a ENERGIA DE LAS MAREAS  |2 CL-VaPUC  |9 357668 
650 0 |a Hidrodinámica   |9 261326 
650 0 |a Mareas  |9 261385 
650 7 |a OCEANOGRAFIA DINAMICA  |2 CL-VaPUC  |9 360566 
650 0 |a Olas  |9 261446 
583 |a last modification  |c 20000811 00:00:00  |k Rodrigo Vera 
999 |c 290691  |d 290689 
952 |0 0  |1 0  |2 ddc  |4 0  |6 551_470000000000000_PED_1987  |7 0  |8 A  |9 340239  |a BIBCUR  |b BIBCUR  |d 2019-11-20  |i 3641384  |o 551.47 PED 1987  |p 3641384  |r 2025-04-22  |w 2019-11-20  |y BK  |k RNT